01896nam a22003257c 450000100060000000300100000600500170001600700030003300800410003602000180007704000350009504100080013004300120013808200210015010000410017124501280021225000230034026400550036330000760041833600290049433700330052333800280055650000420058450400410062652007560066765000440142365000430146765000280151065000320153859526CO-BoRNBP20251022154302.0ta250126b2024 ck ao|||r|||| 00| 0dspa d a9789580806332 aCO-BoRNBPbspaerdacCO-BoRNBP0 aspa as-ck---04a333.95bS15p223 aSánchez Muñoz, Juan Armandoeaut11a¿Por qué dependemos de la biodiversidad? :bla oportunidad que no podemos dejar pasar /cJuan Armando Sánchez Muñoz. aEdición especial 1aBogotá, Colombia :bCírculo de Lectores,c2024 a191, 16 páginas sin numerar :bilustraciones, fotografías en color, atextobtxt2rdacontenido asin mediaciónbn2rdamedio avolumenbnc2rdasoporte aIncluye datos biográficos del autor aIncluye referencias bibliográficas aEl ser humano no puede separarse de la biodiversidad. Nuestras funciones vitales y nuestra salud están inmersas en las sinergias con otras especies; de hecho, es mayor la cantidad de microorganismos con los que convivimos que la de nuestras propias células. Por eso, desligarse de la biodiversidad es la mayor amenaza contra la supervivencia humana, así como el modelo de desarrollo actual que afecta adversamente nuestro soporte vital. Para entender esta interdependencia, es necesario integrar tanto la vida marina como la terrestre, y Colombia, un país megadiverso con acceso a dos océanos, es el lienzo perfecto para construir este mensaje: la naturaleza tiene soluciones sencillas y sostenibles a los problemas emergentes de la sociedad07aConservación del medio ambiente2lemb07aDiversidad biológicazColombia2lemb07aImpacto ambiental2LEMB07aDesarrollo Sostenible2LEMB